Flagi państw ze Słońcami - Statystyki

Ogólne statystyki
  • Ten quiz został rozwiązany 206 razy
  • Średni wynik to 8 z 12
Statystyki odpowiedzi
Obrazkowy Odpowiedź % Poprawnych
Macedonia Północna
97%
Argentyna
92%
Urugwaj
87%
Kazachstan
78%
Filipiny
70%
Tajwan
63%
Kirgistan
62%
Antigua i Barbuda
56%
Kiribati
50%
Namibia
48%
Rwanda
48%
Malawi
47%
Nie znaleziono quizów pasujących do podanych kryteriów
Rozkład punktacji
Procent ludzi z każdym wynikiem
Percentyl według liczby udzielonych odpowiedzi
Twoja historia wyników
Nie rozwiązałeś tego quizu